UNCLOS and ocean dispute settlement : (Record no. 2988)
[ view plain ]
| 000 -LEADER | |
|---|---|
| fixed length control field | 03378cam a2200373Ii 4500 |
| 008 - FIXED-LENGTH DATA ELEMENTS--GENERAL INFORMATION | |
| fixed length control field | 180706s2012 enkab ob 001 0 eng d |
| 020 ## - INTERNATIONAL STANDARD BOOK NUMBER | |
| International Standard Book Number | 9780203111215 |
| Qualifying information | (e-book : PDF) |
| 020 ## - INTERNATIONAL STANDARD BOOK NUMBER | |
| International Standard Book Number | 9781136277801 |
| Qualifying information | (e-book: Mobi) |
| 020 ## - INTERNATIONAL STANDARD BOOK NUMBER | |
| International Standard Book Number | 9781136277849 |
| Qualifying information | (e-book: ePub) |
| 020 ## - INTERNATIONAL STANDARD BOOK NUMBER | |
| International Standard Book Number | 9781136277856 |
| Qualifying information | (e-book: PDF) |
| 020 ## - INTERNATIONAL STANDARD BOOK NUMBER | |
| Qualifying information | (hardback) |
| 020 ## - INTERNATIONAL STANDARD BOOK NUMBER | |
| Qualifying information | (paperback) |
| 040 ## - CATALOGING SOURCE | |
| Original cataloging agency | IMU Kochi Library |
| Language of cataloging | eng |
| 041 0# - LANGUAGE CODE | |
| Language code of text/sound track or separate title | eng |
| 082 04 - DEWEY DECIMAL CLASSIFICATION NUMBER | |
| Classification number | 341.4480916472 |
| Item number | H772 |
| 100 1# - MAIN ENTRY--PERSONAL NAME | |
| Personal name | Hong, Nong., |
| 245 10 - TITLE STATEMENT | |
| Title | UNCLOS and ocean dispute settlement : |
| Sub Title | law and politics in the South China sea / |
| 300 ## - PHYSICAL DESCRIPTION | |
| Extent | 1 online resource (xiv, 258 pages) |
| 505 0# - FORMATTED CONTENTS NOTE | |
| Formatted contents note | 1. Introduction -- 2. The origin and development of the South China Sea dispute -- 3. UNCLOS and its relevance to the SCS -- 4. State practice of UNCLOS in the SCS -- 5. UNCLOS and other international mechanisms in the SCS -- 6. A pragmatic settlement regime for the SCS dispute -- 7. Conclusion. |
| 520 ## - SUMMARY, ETC. | |
| Summary, etc | "The United Nations Convention on the Law of the Sea (UNCLOS) offers a legal framework for the sustainable development of the oceans and their natural resources. However, recently there have been calls to amend the Convention due to some ambiguous provisions which are unable to address a variety of contemporary maritime issues. This book evaluates the applicability and effectiveness of UNCLOS as a settlement mechanism for addressing ocean disputes. The book's central focus is on the South China Sea (SCS) dispute, one of the most complex and challenging ocean-related conflicts in the world. The book examines the ways in which an emphasis on sovereignty, threats to maritime security and overlapping maritime claims caused by the newly established maritime regimes authorized by UNCLOS are all contributing factors to the SCS dispute. The book considers the internal coherence of the Law of the Sea Convention regime and its dispute settlement procedures. It looks at participation in the UNCLOS negotiations, maritime legislation, and the dispute settlement practice of relevant States party to the SCS dispute. The author goes on to explore the relationship between UNCLOS and the regimes and institutions in the SCS, particularly in regard to issues of maritime security, marine environment protection, joint development of oil and gas and general political interaction. The author proposes practical mechanisms to resolve the dispute whilst also offering a final judgement on the effectiveness of UNCLOS for settling disputes. UNCLOS and Ocean Dispute Settlement will be of particular interest to academics, students and policy makers of international, shipping and maritime law as well as being of interest to academics and students in the field of international relations"-- |
| 630 00 - SUBJECT ADDED ENTRY--UNIFORM TITLE | |
| Uniform title | United Nations Convention on the Law of the Sea |
| 650 #0 - SUBJECT ADDED ENTRY--TOPICAL TERM | |
| Topical term or geographic name as entry element | Law of the sea. |
| 650 #0 - SUBJECT ADDED ENTRY--TOPICAL TERM | |
| Topical term or geographic name as entry element | Maritime law. |
| 650 #0 - SUBJECT ADDED ENTRY--TOPICAL TERM | |
| Topical term or geographic name as entry element | Marine resources conservation |
| General subdivision | Law and legislation. |
| 651 #0 - SUBJECT ADDED ENTRY--GEOGRAPHIC NAME | |
| Geographic name | South China Sea. |
| 651 #0 - SUBJECT ADDED ENTRY--GEOGRAPHIC NAME | |
| Geographic name | Spratly Islands |
| General subdivision | International status. |
| 856 40 - ELECTRONIC LOCATION AND ACCESS | |
| Uniform Resource Identifier | <a href="https://www.taylorfrancis.com/books/9781136277856">https://www.taylorfrancis.com/books/9781136277856</a> |
| Public note | Click here to view. |
| 904 ## - LOCAL DATA ELEMENT D, LDD (RLIN) | |
| CATALOGER | Rudra Ranjan |
| 905 ## - LOCAL DATA ELEMENT E, LDE (RLIN) | |
| VERIFIER | Rudra Ranjan |
| 942 ## - ADDED ENTRY ELEMENTS (KOHA) | |
| Item type | E-Book |
| 264 #1 - | |
| -- | Abingdon, Oxon [U.K.] ; |
| -- | New York : |
| -- | Routledge, |
| -- | 2012. |
| 520 ## - SUMMARY, ETC. | |
| -- | Provided by publisher. |
No items available.